Statistics for Demographics of Brisbane - Language spoken at home by region

Click here to take the quiz!

General Stats

  • This quiz has been taken 87 times
  • The average score is 10 of 13

Answer Stats

Answer% Correct
Mandarin
91%
Spanish
91%
Italian
89%
Hindi
85%
Arabic
83%
Vietnamese
83%
German
80%
Korean
80%
Cantonese
77%
Tagalog / Filipino
69%
Afrikaans
45%
Punjabi
44%
Samoan
35%

Score Distribution

Percentile by Number Answered

Percent of People with Each Score

Your Score History

You have not taken this quiz